LIBRARY & INFORMATION CENTRE, KCAET, TAVANUR

ONLINE PUBLIC ACCESS CATALOGUE (OPAC)

Nalanda current dictionary / (Record no. 9129)

MARC details
000 -LEADER
fixed length control field 00519cam a2200193ua 4500
041 ## - LANGUAGE CODE
Language code of text/sound track or separate title eng
082 ## - DEWEY DECIMAL CLASSIFICATION NUMBER
Classification number 028.73491
Item number PUR/NA
100 ## - MAIN ENTRY--AUTHOR NAME
Personal name Purushotham Narain, Agarwala .
245 ## - TITLE STATEMENT
Title Nalanda current dictionary /
250 ## - EDITION STATEMENT
Edition statement 1 /
260 ## - PUBLICATION, DISTRIBUTION, ETC. (IMPRINT)
Place of publication Patna :
Name of publisher Scientific Books Publisher INC ,
Year of publication 1958.
300 ## - PHYSICAL DESCRIPTION
Number of Pages 1335 ; .
700 1# - ADDED ENTRY--PERSONAL NAME
Personal name Khub, Ram Jajoria .
942 ## - ADDED ENTRY ELEMENTS (KOHA)
Koha item type Books
Holdings
Withdrawn status Lost status Damaged status Home library Current library Date acquired Full call number Accession Number Koha item type
      KAUAET KAUAET 07/04/2012 028.73491 2867 Reference
free website counter